The Wildlife and Natural Environment (Scotland) Bill (Record no. 112028)

MARC details
000 -LEADER
fixed length control field 00878cad a22002175a 4500
001 - CONTROL NUMBER
control field E152380
008 - FIXED-LENGTH DATA ELEMENTS--GENERAL INFORMATION
fixed length control field 110228e20110222xxka f s000 0 eng d
035 ## - SYSTEM CONTROL NUMBER
System control number (Sirsi) u152380
041 0# - LANGUAGE CODE
Language code of text/sound track or separate title eng
100 1# - MAIN ENTRY--PERSONAL NAME
Personal name Edwards, Tom
245 04 - TITLE STATEMENT
Title The Wildlife and Natural Environment (Scotland) Bill
Remainder of title stage 3
Medium [electronic resource]
260 ## - PUBLICATION, DISTRIBUTION, ETC.
Place of publication, distribution, etc. Edinburgh
Name of publisher, distributor, etc. Scottish Parliament
Date of publication, distribution, etc. 2010
490 #0 - SERIES STATEMENT
Series statement SPICe Briefing
Volume/sequential designation (11/16) 22 February 2011
520 ## - SUMMARY, ETC.
Summary, etc. Prior to the stage 3 hearing on 2 March 2011, this briefing sets out the main amendments agreed during stage 2.
521 ## - TARGET AUDIENCE NOTE
Target audience note Advanced
590 ## - LOCAL NOTE (RLIN)
Local note KA
651 #4 - SUBJECT ADDED ENTRY--GEOGRAPHIC NAME
Geographic name Scotland
Chronological subdivision 1999-
690 ## - LOCAL SUBJECT ADDED ENTRY--TOPICAL TERM (OCLC, RLIN)
Topical term or geographic name as entry element ENVIRONMENTAL AND LAND CONSULTANCY-ENVIRONMENTAL MANAGEMENT
856 40 - ELECTRONIC LOCATION AND ACCESS
Uniform Resource Identifier <a href="https://www.scottish.parliament.uk/business/research/briefings-11/SB11-16.pdf">https://www.scottish.parliament.uk/business/research/briefings-11/SB11-16.pdf</a>
Public note View the briefing free of charge at www.scottish.parliament.uk
942 ## - ADDED ENTRY ELEMENTS (KOHA)
Suppress in OPAC 0
Holdings
Withdrawn status Lost status Source of classification or shelving scheme Damaged status Not for loan Home library Current library Shelving location Date acquired Total Checkouts Full call number Barcode Date last seen Copy number Price effective from Koha item type
    Dewey Decimal Classification     Virtual Virtual Online 28/02/2011   ONLINE PUBLICATION 152380-1001 06/08/2019 1 06/08/2019 Book